Communes de France par questions Mathématiques - Statistiques

Statistiques générales
  • Ce quiz a été pris 64 fois
  • Le résultat moyen est 11 sur 20
Statistiques - réponses
Hint Réponse % Correct
Commune Française qui obtient le plus petit score si on additionne les 5 chiffres de son code postal Bourg en Bresse
69%
Commune Française qui a la plus petite Superficie (0,04 km2) 3,54 hectares soit moins que la surface de la place Charles-de-Gaulle à Paris Castelmoron-d'Albret
68%
Commune Française où on dit sans preuve Mathématique : "Pas de chauves à Ajaccio, mais à ..... si !" Calvi
66%
Commune Française qui a pour code postal l addition du code postal de Laval et le plus bas code postal de Rennes Epinal
66%
Commune Française qui a pour code postal le cube de 30 Evreux
63%
Commune Française qui obtiendrait 4 points au scrabble Laon
59%
Commune Française qui a pour un de ses codes postaux la racine carrée de 900 millions Nîmes
59%
Commune Française qui permet d obtenir 20 (comme pour ce quiz) à l opération "Troyes Foix Sete" Autun
58%
Commune Française qui vaut "à peu près deux fois Dreux" Castres
58%
Commune Française, préfecture du département qui a pour numéro le seul nombre premier finissant par 5 Gap
56%
Commune Française qui a la plus grande Superficie (18.360 km² soit plus de 2,5 millions de terrains de football) Maripasoula
56%
Commune Française la plus peuplée ayant plus de lettres que son département Montpellier
54%
Commune Française, préfecture du département que l on obtient en retirant le Calvados du temps réglementaire d un match de rugby Perpignan
54%
Commune Française, sous préfecture la plus peuplée du pays, elle a un nombre de lettres correspondant au 1er chiffre de son code postal Reims
53%
Commune Française, préfecture du département que l on obtient en retirant l Ardèche du temps réglementaire d un match de foot Toulon
53%
Commune Française, préfecture qui se situe entre Lille et Strasbourg sur la liste des nombres premiers correspondant aux numéros de départements Alençon
42%
Commune Française, préfecture du département correspondant à l avant dernier nombre premier le plus élevé jusqu' à 100 Auxerre
42%
Commune Française, préfecture du département qui a le même numéro que le nombre de cartes au tarot Versailles
31%
Commune Française, préfecture du département en additionnant le nombre de cartes à la belote et au poker (de nos jours) Avignon
29%
Commune Française, préfecture qui (en 2021 hors agglo), arrondi au millier, avait le même nombre d habitant que son code postal Colmar
27%
Aucun quiz correspondant
Distribution des résultats
% des personnes avec chaque résultat
Percentile par nombre de réponses
Votre historique - résultats
Vous n’avez pas pris ce quiz